00686 a2200181 4500999001500000010001400015020002200029035001300051037001500064082000800079100001800087245010300105260003300208270010600241300002300347942002700370952010700397 c4655d4655 aENG-86523 a8183821332c95.00 aEN-70056 bDBAD / PUB a485 aPeterson, Jim aSelf help to english conversation :cby Jim Petersonbyour success guide to english conversation / aNew DelhibLotus Pressc2007 a4263/3, Ansari Road, Darya GanjbNew Delhie110 002k011-32903912, 011-23290047mlotus_press@sify.com a200 p.c22cm (Pbk) adplcEN2ddch485mPET 001040718NFICaDBADbDBADeDBAD/PUBg95.00l0o485 PETpEN-70056r2008-09-15 00:00:00t1v95.00yEN